00518nam a2200157 a 450000500170000000800410001702000180005805000230007610000180009924500520011726000320016930000090020165000130021099900190022395201180024220140412111257.0100122s19uu xx 00 eng d a0-590-45160-x aM 325.31bM11 1964 aMcGovern, Ann aIf you lived in Colonial Times /cAnn McGovern. aU.S.A :bScholastic,c1964. a80p. aColonies c103251d103251 00104050aELbELcMd2010-01-22eGiftg175.00l0oM 325.31 M11 1964pE4164r2014-04-12 00:00:00w2014-04-12yBK